| 000 | 01352 a2200253 4500 | ||
|---|---|---|---|
| 003 | NUST | ||
| 005 | 20221213181659.0 | ||
| 010 | _a 81023493 | ||
| 020 | _a008028955X (pbk.) : | ||
| 020 | _a0080289568 : | ||
| 040 | _cNust | ||
| 082 | 0 | 0 | _a303.483,MIC |
| 245 | 0 | 0 |
_aMicroelectronics and society : _bfor better or for worse : a report to the Club of Rome / _cedited by G赮ter Friedrichs and Adam Schaff. |
| 250 | _a1st ed. | ||
| 260 |
_aOxford ; _aNew York : _bPergamon Press, _c1982. |
||
| 300 |
_axii, 353 p., [4] p. of plates : _bill. ; _c22 cm. |
||
| 440 | 0 |
_aPergamon international library of science, technology, engineering, and social studies _97281 |
|
| 505 | _aIntroduction (Page-1), The Technology (Page-37), The Technology Applied (Page-89), The Impact on the Enterprise (Page-11), The Worker and the Workplace (Page-157), Microelectronics and Macroeconomics (Page-189), A Third World Perspective (Page-213), Microelectronics in War (Page-243), Information Technology and Society (Page-273), Microelectronics and World Interdependence (Page-311), Occupation Versus Work (Page-337), Glossary of Technical Terms (Page-351). | ||
| 650 | 0 |
_aMicroelectronics _xSocial aspects. _9104796 |
|
| 700 | 1 |
_aFriedrichs, G赮ter. _9104797 |
|
| 700 | 1 |
_aSchaff, Adam. _9104798 |
|
| 710 | 2 |
_aClub of Rome. _9104799 |
|
| 942 |
_2ddc _cBK _k303.483,MIC |
||
| 999 |
_c184812 _d184812 |
||